Music Quiz

Random Music or Artist Quiz

Same Last Name (Musicians) Quiz Stats

 Plays Quiz Updated Oct 19, 2018

Score 0/34 Timer 07:00
0 Plays Today
First Names Last Name % Correct
Edwin, Kay, RingoStarr
93.2%
Alan, Joe, JanetJackson
90.4%
Ben E., Carole, BBKing
85.7%
Al, Amii, RodStewart
81%
Robert, Elton, JiltedJohn
80.8%
Ray, Cat, SufjanStevens
78.9%
Huey, Jerry Lee, LeonaLewis
77.6%
James, Chris, BobbyBrown
72.9%
Ricky, Dean, MoonMartin
72%
Elkie, Meredith, GarthBrooks
71%
Lauryn, Dan, FaithHill
70.7%
Jim, Van, MarkMorrison
69.2%
Joe, Paul, CarlySimon
65.1%
Morris, Doris, BobbyDay
62.7%
Patti, Will, HurricaneSmith
59.9%
David, Macy, DobieGray
59.6%
Ryan, Oleta, BryanAdams
56.4%
First Names Last Name % Correct
Tommy, Etta, RickJames
54.6%
Warren, Gina, KennyG
54%
Paul, Neil, AngusYoung
53.6%
Steve, Katy, Lee 'Scratch'Perry
52.1%
Sandy, Willie, RickyNelson
51.9%
Spencer, Sammy, SkeeterDavis
51.6%
Johnny, Brenda, PeggyLee
48.6%
Judy, Phil, EdwynCollins
48.5%
Melba, Mandy, GaryMoore
47.7%
Andy, Robbie, DenieceWilliams
47.2%
Quincy, Howard, Rickie LeeJones
47.1%
Joey, Kiki, Kool MoeDee
44.2%
Al, Carnie, JackieWilson
38.8%
Karyn, Barry, Tony JoeWhite
35.7%
Eva, David, ShaunCassidy
35.3%
Amy, Gogi, EddyGrant
29.6%
Steve, Roger, MitchMiller
26.9%

You're not logged in!

Compare scores with friends on all Sporcle quizzes.
OR
Log In

Sporcle TV

Today on Sporcle TV


Watch our educational content, quiz creation guides, and fun videos on Sporcle TV.

Show Comments

Extras

Top Quizzes Today


Score Distribution

Your Account Isn't Verified!

In order to create a playlist on Sporcle, you need to verify the email address you used during registration. Go to your Sporcle Settings to finish the process.

Report this User

Report this user for behavior that violates our Community Guidelines.

Details: